Selections from the records of the Govt of Bombay (Record no. 484104)

MARC details
000 -LEADER
fixed length control field 00704nam a2200229Ia 4500
003 - CONTROL NUMBER IDENTIFIER
control field OSt
005 - DATE AND TIME OF LATEST TRANSACTION
control field 20220925172023.0
008 - FIXED-LENGTH DATA ELEMENTS--GENERAL INFORMATION
fixed length control field 220923b |||||||| |||| 00| 0 eng d
037 ## - SOURCE OF ACQUISITION
Terms of availability General Book
040 ## - CATALOGING SOURCE
Original cataloging agency RTL
Transcribing agency RTL
Language of cataloging eng
041 ## - LANGUAGE CODE
Source of code eng
Language code of text/sound track or separate title eng
100 ## - MAIN ENTRY--PERSONAL NAME
Personal name Parulekar R V Ed.
9 (RLIN) 240522
245 #0 - TITLE STATEMENT
Title Selections from the records of the Govt of Bombay
260 ## - PUBLICATION, DISTRIBUTION, ETC.
Place of publication, distribution, etc. Bombay
Name of publisher, distributor, etc. Asia Publishing House India
Date of publication, distribution, etc. 1953
490 ## - SERIES STATEMENT
Volume/sequential designation Pt 1
Series statement Narayanrao Topiwala Memorial Education Research Series. 3
650 ## - SUBJECT ADDED ENTRY--TOPICAL TERM
Topical term or geographic name entry element Education
942 ## - ADDED ENTRY ELEMENTS (KOHA)
Classification part T.231.N5, J3.1
Koha item type General Books
Source of classification or shelving scheme Colon Classification (CC)
Holdings
Withdrawn status Lost status Damaged status Not for loan Home library Current library Date acquired Serial Enumeration / chronology Total Checkouts Full call number Barcode Date last seen Price effective from Koha item type
        Ratan Tata Library Ratan Tata Library 2022-09-25 Pt 1   T.231.N5 J3.1 RT0053567 2022-09-25 2022-09-25 General Books
Copyright @ Delhi University Library System